| 000 | 01535cam a2200385 a 4500 | ||
|---|---|---|---|
| 001 | 4082 | ||
| 003 | FISKH | ||
| 005 | 20240606074641.0 | ||
| 008 | 101220s2012 nyua j 000 0 eng | ||
| 010 | _a 2010048653 | ||
| 020 | _a9780823422906 (hbk.) | ||
| 020 | _a9780545480888 | ||
| 020 | _a0823422909 (hbk.) | ||
| 035 | _a(OCoLC)ocn694172092 | ||
| 040 |
_aDLC _cDLC _dIG# _dBDX _dIK2 _dYDXCP _dBTCTA _dPCX _dFT6 _dXYZ _dVP@ _dDLC _beng |
||
| 042 | _alcac | ||
| 050 | 0 | 0 |
_aQC90.6 _b.A35 2012 |
| 082 | 0 | 0 |
_a516/.15 _222 |
| 100 | 1 | _aAdler, David A. | |
| 245 | 1 | 0 |
_aPerimeter, area, and volume : _ba monster book of dimensions / _cby David A. Adler ; illustrated by Edward Miller. |
| 260 |
_aNew York : _bScholastic, _c2012. |
||
| 300 |
_a32 unnumbered pages : _bcolor illustrations ; _c26 cm |
||
| 505 | _aN | ||
| 520 | _a"Grab your jumbo popcorn and 3-D glasses, because you're invited to the premiere of a 3-D movie! The star-studded cast of monsters will help you calculate the perimeter of the set, the area of the movie screen, and the volume of your popcorn box. Learning about dimensions has never been so entertaining."--Amazon.com. | ||
| 521 | 8 |
_a590
_bLexile |
|
| 521 | 8 |
_aN
_bRaz-Plus |
|
| 650 | 0 |
_aWeights and measures _vJuvenile literature. |
|
| 650 | 0 |
_aDimensions _vJuvenile literature. |
|
| 650 | 1 | _aWeights and measures. | |
| 650 | 1 | _aDimensions. | |
| 700 | 1 |
_aMiller, Edward, _d1964- _eillustrator |
|
| 906 |
_a7 _bcbc _corignew _d1 _eecip _f20 _gy-gencatlg |
||
| 942 |
_2ddc _cBK _n0 |
||
| 999 |
_c4082 _d4082 |
||